[Event "Israel Championship Finals"]
[Site "?"]
[Date "2002.12.03"]
[Round "9"]
[White "Kreizberg, Michael"]
[Black "Vainshtein, Vladimir"]
[Result "1/2-1/2"]
[WhiteElo "2346"]
[BlackElo "2321"]
[PlyCount "81"]

1. d4 Nf6 2. Nf3 c6 3. Bg5 Ne4 4. Bf4 d5 5. e3 Bg4 6. Be2 e6 7. h3 Bh5 8. g4
Bg6 9. h4 h6 10. Ne5 Bh7 11. f3 Nd6 12. b3 Be7 13. h5 Bh4+ 14. Kf1 Bg5 15. c4
Bxf4 16. exf4 dxc4 17. bxc4 O-O 18. Qd2 f6 19. Ng6 Bxg6 20. hxg6 b5 21. c5 Nc4
22. Bxc4 bxc4 23. Nc3 e5 24. Rd1 exf4 25. Qe2 f5 26. gxf5 Nd7 27. Qxc4+ Kh8 28.
Ne4 Nf6 29. Nd6 Nd5 30. Re1 Rb8 31. Rh5 Qa5 32. f6 Qd2 33. Rxd5 cxd5 34. Qxd5
Qd3+ 35. Re2 Rb1+ 36. Kf2 Qxg6 37. fxg7+ Qxg7 38. Qe5 Rf6 39. Qe8+ Rf8 40. Qe5
Rf6 41. Qe8+ 1/2-1/2

[Event "Israel Championship Finals"]
[Site "?"]
[Date "2002.12.03"]
[Round "9"]
[White "Finkel, Alexander"]
[Black "Postny, Evgeny"]
[Result "1/2-1/2"]
[WhiteElo "2485"]
[BlackElo "2497"]
[PlyCount "93"]

1. e4 e5 2. Bc4 Nc6 3. Nc3 Nf6 4. d3 Na5 5. Nge2 Nxc4 6. dxc4 d6 7. b3 Be7 8.
Bb2 O-O 9. O-O c6 10. Kh1 Qc7 11. Ng3 Be6 12. Qf3 g6 13. h3 a6 14. a4 b5 15.
axb5 axb5 16. Rxa8 Rxa8 17. cxb5 cxb5 18. Nf5 Bxf5 19. exf5 Rb8 20. Qd3 b4 21.
Nd1 d5 22. Ne3 Rd8 23. Re1 Bc5 24. Ng4 Nxg4 25. hxg4 e4 26. Qd2 Qe7 27. g5 e3
28. fxe3 Qxg5 29. Qf2 gxf5 30. Qf4 Qh5+ 31. Kg1 Re8 32. Bd4 Bf8 33. Rf1 Bh6 34.
Qxf5 Bxe3+ 35. Bxe3 Qxf5 36. Rxf5 Rxe3 37. Rxd5 Re2 38. Rc5 Kg7 39. Kh2 Kg6 40.
Kg3 f5 41. Kf3 Rd2 42. Rc8 Kf6 43. Rc4 h6 44. Kg3 Ke5 45. Kf3 Kf6 46. g3 h5 47.
Rxb4 1/2-1/2

[Event "Israel Championship Finals"]
[Site "?"]
[Date "2002.12.03"]
[Round "9"]
[White "Kundin, Alexander"]
[Black "Lederer, Yoav"]
[Result "1/2-1/2"]
[WhiteElo "2429"]
[BlackElo "2272"]
[PlyCount "77"]

1. e4 c5 2. Nf3 Nc6 3. d4 cxd4 4. Nxd4 Nf6 5. Nc3 d6 6. Be2 e5 7. Nf3 h6 8. O-O
Be7 9. b3 a6 10. a4 Be6 11. Bb2 Rc8 12. Re1 Qa5 13. Bf1 Nb8 14. Na2 Nbd7 15. c4
Qb6 16. Nc3 Nc5 17. Nd2 a5 18. h3 O-O 19. Ba3 Nfd7 20. Nd5 Bxd5 21. cxd5 f5 22.
Nc4 Qa7 23. exf5 Rxf5 24. Ra2 Rcf8 25. Ne3 Rf4 26. g3 Rd4 27. Qb1 e4 28. Rd1
Rxd1 29. Qxd1 Ne5 30. Bxc5 Qxc5 31. Qc2 Qb4 32. Bg2 Qe1+ 33. Nf1 e3 34. fxe3
Bg5 35. Qe2 Bxe3+ 36. Kh2 Qxe2 37. Rxe2 Bc5 38. Nd2 Rc8 39. Nf3 1/2-1/2

[Event "Israel Championship finals"]
[Site "?"]
[Date "2002.11.24"]
[Round "1"]
[White "Porat, Maya"]
[Black "Vasiliev, Olga"]
[Result "0-1"]
[WhiteElo "1649"]
[BlackElo "2160"]
[PlyCount "108"]

1. d4 d5 2. c4 dxc4 3. Nf3 Nf6 4. Nc3 a6 5. e3 e6 6. Bxc4 c5 7. O-O Qc7 8. Bb3
Bd6 9. dxc5 Bxc5 10. Qc2 O-O 11. Na4 Bd6 12. Qxc7 Bxc7 13. Bc2 Nc6 14. b3 Rd8
15. Bb2 Nb4 16. Bxf6 gxf6 17. Rac1 Nxc2 18. Rxc2 Ba5 19. Rfc1 Bd7 20. Nc5 Bc6
21. Nd4 Bd5 22. Ne2 Rac8 23. h3 Bb4 24. Na4 Rxc2 25. Rxc2 Be4 26. Rc1 Rd2 27.
Nec3 Bc6 28. Nb6 Bxc3 29. Rxc3 Rxa2 30. Nc4 Ra1+ 31. Kh2 a5 32. Nd2 Ra2 33. Rd3
a4 34. bxa4 Rxa4 35. Nf3 Rb4 36. Nd4 Bd5 37. Rc3 Rb2 38. Kg3 b5 39. Rc2 Rb1 40.
Nc6 Be4 41. Rc5 Kg7 42. f3 Bd3 43. Rc3 Bc4 44. Na5 Bf1 45. Kf2 b4 46. Rc6 Bd3
47. Rd6 Bc2 48. Rd2 b3 49. Nxb3 Bxb3 50. Kg3 e5 51. e4 Kg6 52. Rd8 Be6 53. Rg8+
Kh6 54. f4 Rb3+ 0-1

[Event "Israel Championship finals"]
[Site "?"]
[Date "2002.11.24"]
[Round "1"]
[White "Tsifanskaya, Ludmila"]
[Black "Yudasina, Irina"]
[Result "1-0"]
[WhiteElo "2242"]
[BlackElo "2128"]
[PlyCount "71"]

1. e4 c5 2. Nf3 e6 3. d3 Nc6 4. g3 d5 5. Nbd2 Nf6 6. Bg2 b6 7. O-O Bb7 8. Re1
Be7 9. c3 Qc7 10. Nf1 O-O-O 11. Qc2 h6 12. a3 g5 13. b4 dxe4 14. dxe4 g4 15.
N3d2 Ne5 16. Ne3 Kb8 17. b5 Rd7 18. Nec4 Nd3 19. Re2 Rhd8 20. a4 Nxc1 21. Qxc1
Ne8 22. a5 bxa5 23. Rxa5 Bg5 24. Ra2 Nd6 25. Ne5 Nxb5 26. Nxd7+ Qxd7 27. Bf1 f5
28. Qb2 fxe4 29. Nxe4 Qc6 30. Re1 Rd2 31. Bxb5 Qd5 32. Qxd2 Bxd2 33. Rxd2 Qb3
34. Rd8+ Kc7 35. Rd7+ Kc8 36. Nd6+ 1-0

[Event "Israel Championship finals"]
[Site "?"]
[Date "2002.11.24"]
[Round "1"]
[White "Botvinnik, Irina"]
[Black "Anchipolovskaya, Dora"]
[Result "1-0"]
[WhiteElo "2187"]
[BlackElo "1671"]
[PlyCount "45"]

1. c4 e6 2. g3 Nf6 3. Bg2 d5 4. Nf3 c6 5. Qc2 Nbd7 6. d4 Be7 7. Nbd2 O-O 8. O-O
b6 9. e4 dxe4 10. Ne5 Bb7 11. Nxe4 Rc8 12. Nc3 Ba8 13. Bf4 c5 14. Bxa8 Rxa8 15.
Nc6 Qe8 16. Nb5 Rc8 17. Nbxa7 cxd4 18. Nxc8 e5 19. N8xe7+ Kh8 20. Bg5 e4 21.
Rfe1 d3 22. Qc3 h6 23. Bd2 1-0

[Event "Israel Championship finals"]
[Site "?"]
[Date "2002.11.24"]
[Round "1"]
[White "Rodensky, Natalya"]
[Black "Zatulovskaya, Tatiana"]
[Result "0-1"]
[WhiteElo "1834"]
[BlackElo "2219"]
[PlyCount "65"]

1. d4 Nf6 2. Nf3 g6 3. c4 Bg7 4. Nc3 d6 5. e4 O-O 6. Be2 c6 7. O-O a6 8. a4 a5
9. h3 Na6 10. Be3 Qc7 11. Rc1 e5 12. d5 Nd7 13. Ng5 h6 14. Nf3 Ndc5 15. Nd2 f5
16. f4 exf4 17. Bxf4 g5 18. Be3 Qe7 19. Qc2 Bd7 20. Rce1 Nb4 21. Qb1 Nxe4 22.
Ndxe4 fxe4 23. Rxf8+ Rxf8 24. Bb6 Bf5 25. Bxa5 e3 26. Qc1 Nc2 27. Rf1 Nd4 28.
Bb6 c5 29. Qd1 Qe5 30. Qe1 Nb3 31. g4 Bg6 32. Rxf8+ Bxf8 33. Kg2 0-1

[Event "Israel Championship finals"]
[Site "?"]
[Date "2002.11.24"]
[Round "1"]
[White "Vovinkina, Natalia"]
[Black "Borsuk, Angela"]
[Result "0-1"]
[WhiteElo "2132"]
[BlackElo "2255"]
[PlyCount "110"]

1. d4 d6 2. Nf3 Nf6 3. Bg5 Nbd7 4. Nc3 c6 5. e4 e5 6. Bd3 Be7 7. h3 b5 8. d5 b4
9. dxc6 bxc3 10. cxd7+ Bxd7 11. bxc3 Qa5 12. Qd2 Rc8 13. c4 Qc7 14. Qe2 O-O 15.
O-O h6 16. Be3 Nh7 17. Nd2 Ng5 18. f4 exf4 19. Rxf4 Ne6 20. Rf2 Bh4 21. g3 Bxg3
22. Rg2 Nf4 23. Bxf4 Bxf4 24. Qf3 Qc5+ 25. Kh1 Qe3 26. Re1 Qxf3 27. Nxf3 Bxh3
28. Rge2 Be6 29. Rg1 Bxc4 30. Nd4 Kh8 31. Nf5 Be5 32. a4 Rfd8 33. Rb1 Be6 34.
Ne7 Rb8 35. Rxb8 Rxb8 36. Nc6 Rb7 37. Nd8 Rb4 38. Nxe6 fxe6 39. Bb5 Kg8 40. Kg2
Kf7 41. Rf2+ Ke7 42. Kf3 d5 43. Re2 Kd6 44. Re3 Bf6 45. Re1 Rb2 46. Re2 Rb1 47.
exd5 exd5 48. Rg2 Ke5 49. Ke2 a5 50. Kd3 Rd1+ 51. Ke2 Rh1 52. Be8 Rh4 53. Kd1
Bg5 54. Re2+ Re4 55. Rf2 Bh4 0-1

[Event "Israel Championship finals"]
[Site "?"]
[Date "2002.11.26"]
[Round "2"]
[White "Vasiliev, Olga"]
[Black "Tsifanskaya, Ludmila"]
[Result "1/2-1/2"]
[WhiteElo "2160"]
[BlackElo "2242"]
[PlyCount "42"]

1. e4 c5 2. Nf3 Nc6 3. d4 cxd4 4. Nxd4 g6 5. Nc3 Bg7 6. Nb3 Nf6 7. Be2 O-O 8.
O-O a5 9. a4 Nb4 10. Bg5 h6 11. Bh4 g5 12. Bg3 d5 13. e5 Ne4 14. Nxe4 dxe4 15.
Nc5 Qc7 16. Nxe4 Qxc2 17. Qxc2 Nxc2 18. Rad1 Nb4 19. Nc5 Nc6 20. Nd7 Bxd7 21.
Rxd7 e6 1/2-1/2

[Event "Israel Championship finals"]
[Site "?"]
[Date "2002.11.26"]
[Round "2"]
[White "Anchipolovskaya, Dora"]
[Black "Vovinkina, Natalia"]
[Result "0-1"]
[WhiteElo "1671"]
[BlackElo "2132"]
[PlyCount "90"]

1. e4 d6 2. d4 Nf6 3. Nc3 c6 4. Nf3 Qa5 5. Bd2 Qc7 6. Be2 e5 7. O-O h6 8. dxe5
dxe5 9. a3 Be6 10. Qe1 Nbd7 11. Rd1 b5 12. b4 Nb6 13. Bd3 Nc4 14. Bc1 a5 15.
Nb1 axb4 16. axb4 Be7 17. c3 O-O 18. Qe2 Rfd8 19. Rfe1 c5 20. bxc5 Bxc5 21. Qc2
Ra6 22. Bxc4 Rxd1 23. Rxd1 Bxc4 24. Bb2 Ng4 25. Rd2 Rd6 26. h3 Rxd2 27. Nbxd2
Bxf2+ 28. Kh1 Ne3 29. Qc1 Bd3 30. c4 bxc4 31. Bxe5 Qc6 32. Bd4 Qg6 33. Bxe3
Bxe3 34. Ne5 Bxd2 35. Qxd2 Qxe4 36. Qc3 f6 37. Nf3 Be2 38. Ne1 Bd3 39. Kg1 Qe3+
40. Kh2 Qe5+ 41. Qxe5 fxe5 42. Kg3 e4 43. Kf4 Kf7 44. Ke3 Kf6 45. g3 Ke5 0-1

[Event "Israel Championship finals"]
[Site "?"]
[Date "2002.11.26"]
[Round "2"]
[White "Yudasina, Irina"]
[Black "Porat, Maya"]
[Result "1-0"]
[WhiteElo "2128"]
[BlackElo "1659"]
[PlyCount "105"]

1. e4 e5 2. Bc4 Nf6 3. d3 Bc5 4. Nf3 d6 5. h3 Nc6 6. c3 Bb6 7. O-O O-O 8. Re1
h6 9. Bb3 Ne7 10. Nbd2 Ng6 11. Nc4 c6 12. Nxb6 Qxb6 13. d4 exd4 14. cxd4 d5 15.
exd5 Nxd5 16. Ne5 Nxe5 17. Rxe5 Be6 18. Bc2 Nf6 19. b3 Rad8 20. Be3 Nd5 21. Qd3
Nf6 22. Re1 Qa6 23. Qd2 h5 24. Bg5 Nd7 25. Bxd8 Rxd8 26. Rxh5 Nf6 27. Rh4 Qb5
28. Qe3 Qd5 29. Qe5 Qxe5 30. dxe5 Nd5 31. Rd4 Re8 32. b4 Nc3 33. a4 a6 34. f4
g6 35. g4 Nd5 36. f5 gxf5 37. gxf5 Bc8 38. Kf2 Ne7 39. f6 Ng6 40. Bxg6 fxg6 41.
h4 Bf5 42. Rf4 Be6 43. Rg1 Kf7 44. h5 Rg8 45. hxg6+ Rxg6 46. Rxg6 Kxg6 47. a5
Kf7 48. Ke3 Bd7 49. Kd4 Be8 50. Rg4 Ke6 51. Rg7 Bf7 52. Rh7 Bg6 53. Re7+ 1-0

[Event "Israel Championship finals"]
[Site "?"]
[Date "2002.11.26"]
[Round "2"]
[White "Rodensky, Natalya"]
[Black "Lan, Irina"]
[Result "0-1"]
[WhiteElo "2134"]
[BlackElo "1834"]
[PlyCount "100"]

1. d4 f5 2. Nf3 Nf6 3. c4 e6 4. Nc3 Be7 5. e3 O-O 6. Bd3 b6 7. O-O Bb7 8. Bd2
Qe8 9. Nb5 Na6 10. Re1 Ne4 11. Bf1 d6 12. Rc1 Qh5 13. d5 e5 14. Be2 Qh6 15. Rf1
g5 16. Be1 Bc8 17. Nd2 Nf6 18. Nb3 Bd7 19. Nc3 Rf7 20. Bd2 f4 21. f3 Kh8 22.
Ne4 Rg8 23. Nf2 Qg7 24. Kh1 h5 25. exf4 gxf4 26. Rg1 h4 27. h3 Nh5 28. Bd3 Ng3+
29. Kh2 Nb8 30. Be1 Bc8 31. Nd2 Nd7 32. Nde4 Nf5 33. Ng4 Nf8 34. Bf2 Ng3 35.
Be1 Nh7 36. Nxg3 hxg3+ 37. Kh1 Bxg4 38. fxg4 Ng5 39. Bf5 Qh6 40. Bxg3 fxg3 41.
Qd2 Qh4 42. Rge1 Rgf8 43. Kg1 Kg7 44. Rc2 Nh7 45. Qd3 Ng5 46. Re3 e4 47. Qd4+
Bf6 48. Qd2 Be5 49. Qe2 Bd4 50. Bxe4 Bxe3+ 0-1

[Event "Israel Championship finals"]
[Site "?"]
[Date "2002.11.26"]
[Round "2"]
[White "Zaks, Victoria"]
[Black "Igla, Bella"]
[Result "0-1"]
[WhiteElo "1974"]
[BlackElo "2160"]
[PlyCount "98"]

1. e4 c5 2. Nf3 e6 3. d4 cxd4 4. Nxd4 a6 5. Nc3 b5 6. Bd3 Qb6 7. Nb3 Qc7 8. O-O
Bb7 9. Be3 Nf6 10. a3 d6 11. f4 Nbd7 12. Qe2 Be7 13. Rae1 h5 14. h3 h4 15. f5
e5 16. Qd2 Nh5 17. Rf3 Bf6 18. Bf1 Ng3 19. Bf2 Rh5 20. Bxg3 hxg3 21. Rd3 Bg5
22. Qd1 Rh6 23. Qg4 Qb6+ 24. Kh1 Qf2 25. Qe2 Qxe2 26. Bxe2 Rc8 27. Red1 Nf6 28.
Bf3 Rh4 29. Rxd6 Nxe4 30. Bxe4 Bxe4 31. Nxe4 Rxe4 32. c3 Rd8 33. Rxd8+ Bxd8 34.
Nc5 Re2 35. Nxa6 Rxb2 36. Re1 f6 37. Nc5 Bb6 38. Ne4 Bf2 39. Rd1 Kf7 40. Rd7+
Kg8 41. Rd8+ Kh7 42. Rd1 Kh6 43. Rf1 Re2 44. Nd6 e4 45. Nxb5 e3 46. Nd4 Ra2 47.
Rc1 e2 48. Nxe2 Rxe2 49. c4 Re5 0-1

[Event "Israel Championship finals"]
[Site "?"]
[Date "2002.11.27"]
[Round "3"]
[White "Len, Irina"]
[Black "Borsuk, Angela"]
[Result "1-0"]
[WhiteElo "2134"]
[BlackElo "2255"]
[PlyCount "121"]

1. d4 Nf6 2. c4 g6 3. Nc3 Bg7 4. e4 d6 5. Nf3 O-O 6. Be2 Nc6 7. d5 Nb4 8. a3
Na6 9. O-O Nc5 10. Qc2 a5 11. Bg5 a4 12. Rad1 Bd7 13. Nd4 c6 14. dxc6 bxc6 15.
e5 Ne8 16. exd6 Nxd6 17. Bf3 Qe8 18. Qe2 Ne6 19. Be3 Qc8 20. Rfe1 Re8 21. h4
Qa6 22. Nxe6 Bxe6 23. c5 Bc4 24. Qd2 Nb7 25. Qc1 Bb3 26. Rd7 Rad8 27. Rxd8 Rxd8
28. h5 Qc4 29. hxg6 hxg6 30. Bxc6 Na5 31. Bb5 Qg4 32. Be2 Qc8 33. Bf3 Nc6 34.
Bd1 Nd4 35. Nxa4 Be6 36. b4 Qc6 37. Nb6 Qb5 38. Bg5 f6 39. Bf4 Kf7 40. Bc7 Rh8
41. Qe3 f5 42. Be5 Bxe5 43. Qxe5 Rd8 44. Bb3 Qc6 45. Ba4 Qb7 46. Bd1 Qb8 47.
Qxb8 Rxb8 48. a4 Nc6 49. b5 Nb4 50. Rxe6 Kxe6 51. Bb3+ Ke5 52. Nd7+ Kd4 53.
Nxb8 Kxc5 54. Nd7+ Kd4 55. Nb6 Kc5 56. Nd7+ Kd4 57. b6 Kc3 58. Bd1 Nc6 59. b7
e5 60. Nc5 Nb8 61. Bf3 1-0

[Event "Israel Championship finals"]
[Site "?"]
[Date "2002.11.27"]
[Round "3"]
[White "Botvinik, Irina"]
[Black "Tsifanskaya, Ludmila"]
[Result "1-0"]
[WhiteElo "2187"]
[BlackElo "2242"]
[PlyCount "119"]

1. c4 Nf6 2. Nc3 g6 3. g3 Bg7 4. Bg2 O-O 5. e3 e5 6. Nge2 d6 7. O-O c6 8. d3
Be6 9. h3 d5 10. b3 Qc8 11. Kh2 dxc4 12. dxc4 Rd8 13. Qc2 Bf5 14. e4 Be6 15. f4
exf4 16. Nxf4 Na6 17. Ba3 Re8 18. Rad1 Nd7 19. Nxe6 fxe6 20. Qf2 Nf8 21. e5
Bxe5 22. Ne4 Qc7 23. Nf6+ Bxf6 24. Qxf6 Qg7 25. Qf2 e5 26. Rd6 Ne6 27. Re1 Nd4
28. Rf6 Nf5 29. Rxf5 gxf5 30. Qxf5 Rad8 31. Re4 Rd4 32. Re2 Qg6 33. Qf3 Rd7 34.
Qf2 Rdd8 35. Qxa7 Rd3 36. Qf2 Qf7 37. Qe1 Qf6 38. Bb2 Nc5 39. b4 Na4 40. Bxe5
Qe6 41. Re4 Rd7 42. Ba1 Qxe4 43. Bxe4 Rde7 44. h4 Rxe4 45. Qd1 Nb6 46. Qh5 R8e6
47. Qg5+ Kf7 48. Qg7+ Ke8 49. Bf6 Re2+ 50. Kh3 R6e4 51. Qg8+ Kd7 52. Qxh7+ Ke6
53. Qe7+ Kf5 54. Qf7 Rxc4 55. Bd8+ Ke4 56. Bxb6 Kd3 57. Bc5 Rcc2 58. Qf3+ Kc4
59. Qb3+ Kb5 60. a4+ 1-0

[Event "Israel Championship finals"]
[Site "?"]
[Date "2002.11.27"]
[Round "3"]
[White "Porat, Maya"]
[Black "Rodensky, Natalya"]
[Result "1-0"]
[WhiteElo "1649"]
[BlackElo "1834"]
[PlyCount "101"]

1. d4 d5 2. c4 c6 3. Nf3 Nf6 4. Nc3 e6 5. Bg5 Be7 6. e3 h6 7. Bf4 Nbd7 8. cxd5
Nxd5 9. Nxd5 exd5 10. a3 Nf6 11. Be2 Ne4 12. O-O g5 13. Bg3 Be6 14. Qb3 g4 15.
Ne5 Nd2 16. Qxb7 Nxf1 17. Qxc6+ Kf8 18. Rxf1 Rc8 19. Qa6 Qb6 20. Qxb6 axb6 21.
Nxg4 Kg7 22. Ne5 Rc2 23. Bb5 Rxb2 24. a4 Rc8 25. Nc6 Bf8 26. Nb8 Bg4 27. h3 Bf5
28. Ba6 Rcc2 29. Ra1 Ra2 30. Rxa2 Rxa2 31. Bb5 Ra1+ 32. Kh2 Be7 33. Nc6 Bg5 34.
Be5+ f6 35. Bg3 Be4 36. h4 f5 37. hxg5 hxg5 38. Be5+ Kh6 39. Ne7 Ra2 40. Ng8+
Kh7 41. Nf6+ Kh6 42. Nxe4 dxe4 43. Kg3 Ra3 44. Kh2 Kh5 45. g3 Ra2 46. Kg2 Rc2
47. Bd6 Kg4 48. d5 Kh5 49. Be7 Kg6 50. Be8+ Kh6 51. d6 1-0

[Event "Israel Championship finals"]
[Site "?"]
[Date "2002.11.27"]
[Round "3"]
[White "Vovinkina, Natalia"]
[Black "Yudasina, Irina"]
[Result "0-1"]
[WhiteElo "2132"]
[BlackElo "2128"]
[PlyCount "114"]

1. d4 d5 2. Bf4 Nf6 3. e3 c5 4. c3 Nc6 5. Bd3 Bg4 6. Qa4 e6 7. Nf3 Bxf3 8. gxf3
cxd4 9. cxd4 Bd6 10. Bxd6 Qxd6 11. Nc3 O-O 12. f4 a6 13. Rc1 b5 14. Qd1 Rfc8
15. O-O Rc7 16. Qf3 Na5 17. Qg3 Rac8 18. f5 Qxg3+ 19. hxg3 Nc4 20. Bxc4 Rxc4
21. fxe6 fxe6 22. Ne2 Rc2 23. f3 Nd7 24. Kf2 Nb6 25. b3 Rxa2 26. Rxc8+ Nxc8 27.
Rc1 Ne7 28. e4 Kf7 29. Ke3 Rb2 30. Rc3 h5 31. Nf4 b4 32. Rd3 g6 33. Nh3 Kf6 34.
Nf2 g5 35. g4 h4 36. Nh3 dxe4 37. fxe4 Rg2 38. Nf2 Ng6 39. e5+ Ke7 40. Ne4 Rxg4
41. Rd1 h3 42. Rh1 Nf4 43. Kf3 Rg2 44. Nf2 h2 45. Ng4 Rb2 46. Rxh2 Rxb3+ 47.
Ke4 Kd7 48. Ra2 Ra3 49. Rc2 Nd5 50. Nf6+ Nxf6+ 51. exf6 g4 52. Rg2 Rf3 53. Ra2
Rxf6 54. Rxa6 Rg6 55. Kd3 g3 56. Ra1 g2 57. Rg1 b3 0-1

[Event "Israel Championship finals"]
[Site "?"]
[Date "2002.11.27"]
[Round "3"]
[White "Anchipolovskaya, Dora"]
[Black "Zaks, Victoria"]
[Result "0-1"]
[WhiteElo "1671"]
[BlackElo "1974"]
[PlyCount "24"]

1. e4 e5 2. f4 Bc5 3. Nf3 d6 4. d3 Nc6 5. Nc3 a6 6. Ne2 Nf6 7. c3 Qe7 8. fxe5
dxe5 9. Bg5 Bg4 10. h3 Bxf3 11. gxf3 Nxe4 12. Bxe7 Bf2# 0-1

[Event "Israel Championship Finals"]
[Site "?"]
[Date "2002.11.28"]
[Round "4"]
[White "Rodensky, Natalya"]
[Black "Anchipolovskaya, Dora"]
[Result "1-0"]
[WhiteElo "1834"]
[BlackElo "1671"]
[PlyCount "61"]

1. d4 e6 2. c4 d5 3. Nf3 Nf6 4. Bg5 Be7 5. e3 O-O 6. Nc3 c6 7. Rc1 Nbd7 8. cxd5
cxd5 9. Bd3 h6 10. Bh4 a6 11. O-O b5 12. e4 b4 13. e5 Nh7 14. Bxe7 Qxe7 15. Na4
a5 16. Rc7 Qd8 17. Qc2 f5 18. Rc1 Ba6 19. Bxa6 Rxa6 20. Qd3 Ra8 21. Qb5 Rf7 22.
Qb7 Nhf8 23. Rc8 Rxc8 24. Rxc8 Qe7 25. Rc7 Qe8 26. Qc6 Qd8 27. Qd6 Qe7 28. b3
Qd8 29. Nc5 Qe8 30. Qc6 Qd8 31. Nxe6 1-0

[Event "Israel Championship Finals"]
[Site "?"]
[Date "2002.11.28"]
[Round "4"]
[White "Igla, Bella"]
[Black "Botvinik, Irina"]
[Result "1/2-1/2"]
[WhiteElo "2160"]
[BlackElo "2187"]
[PlyCount "42"]

1. d4 d5 2. c4 dxc4 3. Nc3 a6 4. a4 Nf6 5. Bg5 Nc6 6. e3 Na5 7. Nf3 Bg4 8. Qc2
Bxf3 9. gxf3 Nd5 10. Qf5 c6 11. Be2 g6 12. Qe4 Qd7 13. Qe5 Rg8 14. Ne4 O-O-O
15. Bf4 Nxf4 16. Qxa5 Nxe2 17. Kxe2 Qf5 18. Qc3 g5 19. Nd2 g4 20. f4 Bg7 21.
Qxc4 Kb8 1/2-1/2

[Event "Israel Championship Finals"]
[Site "?"]
[Date "2002.11.28"]
[Round "4"]
[White "Vasiliev, Olga"]
[Black "Len, Irina"]
[Result "1-0"]
[WhiteElo "2160"]
[BlackElo "2134"]
[PlyCount "79"]

1. e4 c5 2. Nf3 Nc6 3. d4 cxd4 4. Nxd4 Qb6 5. Nb3 Nf6 6. Nc3 e6 7. Bd3 Bb4 8.
Be3 Qc7 9. f4 d6 10. O-O Bxc3 11. bxc3 a6 12. Qf3 e5 13. f5 h5 14. Bg5 Bd7 15.
Rab1 Nd8 16. Nd2 Ng4 17. h3 Qc5+ 18. Kh1 f6 19. Bh4 Qxc3 20. Nc4 b5 21. Nb6 Ra7
22. Nxd7 Qc7 23. hxg4 hxg4 24. Qxg4 Qxd7 25. Kg1 g5 26. Bf2 Rc7 27. Rfd1 Qc6
28. Be3 Rch7 29. Kf2 Ke7 30. a4 Rh4 31. axb5 axb5 32. Qe2 g4 33. Rxb5 g3+ 34.
Kxg3 Rxe4 35. Bxe4 Qxe4 36. Kf2 Rh2 37. Qf3 Qxc2+ 38. Rd2 Qc8 39. Rb6 Qc7 40.
Rbxd6 1-0

[Event "Israel Championship Finals"]
[Site "?"]
[Date "2002.11.28"]
[Round "4"]
[White "Tsifanskaya, Ludmila"]
[Black "Zaks, Victoria"]
[Result "1-0"]
[WhiteElo "2242"]
[BlackElo "1974"]
[PlyCount "77"]

1. Nf3 Nf6 2. g3 d5 3. Bg2 g6 4. O-O Bg7 5. d4 O-O 6. c4 c6 7. cxd5 cxd5 8. Nc3
e6 9. Ne5 b6 10. Be3 Bb7 11. Rc1 Nbd7 12. f4 Ne4 13. Nxd7 Qxd7 14. Qb3 Rac8 15.
Rfd1 Rfd8 16. a4 Nxc3 17. Rxc3 Rxc3 18. bxc3 Rc8 19. Ra1 Ba6 20. Bf1 Bc4 21.
Qb2 Qc7 22. Bd2 Bf8 23. Be1 Rb8 24. Qc2 a5 25. Bg2 b5 26. axb5 Rxb5 27. e4 Qb6
28. exd5 exd5 29. Bf3 Bb3 30. Qe2 a4 31. Qe8 Ra5 32. f5 a3 33. Bd2 gxf5 34. Bh5
Ra7 35. Rxa3 Re7 36. Qc8 Rc7 37. Rxb3 Qxb3 38. Qxc7 Qb1+ 39. Kf2 1-0

[Event "Israel Championship Finals"]
[Site "?"]
[Date "2002.11.28"]
[Round "4"]
[White "Borsuk, Angela"]
[Black "Porat, Maya"]
[Result "1-0"]
[WhiteElo "2255"]
[BlackElo "1649"]
[PlyCount "91"]

1. d4 d5 2. Nf3 Nf6 3. g3 e6 4. Bg2 Be7 5. O-O c5 6. e3 Nc6 7. b3 cxd4 8. exd4
O-O 9. Bb2 b6 10. Ne5 Bb7 11. Nd2 Qc7 12. f4 b5 13. c3 a5 14. a4 Qb6 15. axb5
Qxb5 16. Re1 Rfd8 17. Qe2 Qxe2 18. Rxe2 Nd7 19. Nxc6 Bxc6 20. f5 Nf8 21. fxe6
Nxe6 22. Nf3 Bf6 23. Ne5 Bb5 24. Ree1 Bxe5 25. Rxe5 Nc7 26. c4 Bc6 27. Bc3 a4
28. bxa4 Rxa4 29. Rxa4 Bxa4 30. Ba5 Rc8 31. Bxc7 Rxc7 32. Bxd5 Kf8 33. Re3 f6
34. Kf2 Bd1 35. Ra3 Ke7 36. Ke3 Bg4 37. c5 Bd7 38. Ra5 f5 39. Kf4 g6 40. h4 Be6
41. Bf3 Rd7 42. Ke5 Rd8 43. d5 Bf7 44. d6+ Kf8 45. Kf6 Be8 46. Ra8 1-0

[Event "Israel Championship Finals"]
[Site "?"]
[Date "2002.11.28"]
[Round "4"]
[White "Zatulovskaya, Tatiana"]
[Black "Vovinkina, Natalia"]
[Result "0-1"]
[WhiteElo "2219"]
[BlackElo "2132"]
[PlyCount "116"]

1. d4 d5 2. Nf3 c6 3. e3 g6 4. c4 Bg7 5. Nc3 Nh6 6. cxd5 cxd5 7. Qb3 e6 8. Bd2
O-O 9. Bd3 Nc6 10. Ne2 Re8 11. O-O g5 12. Bc3 f5 13. Rad1 Nf7 14. Bb1 Nd6 15.
Nd2 b5 16. Bb4 Nxb4 17. Qxb4 a5 18. Qb3 Ba6 19. Bd3 Qb8 20. Qc2 Rc8 21. Qb1 b4
22. Bxa6 Rxa6 23. Nb3 Nc4 24. Nec1 Rac6 25. Nd3 h6 26. Rfe1 Qb5 27. h3 Rf8 28.
Nbc1 Rf7 29. Ne2 Rfc7 30. Ng3 Nd6 31. Rc1 Ne4 32. Nf1 a4 33. Rxc6 Rxc6 34. Rc1
Rxc1 35. Nxc1 Qxf1+ 36. Kxf1 Nd2+ 37. Ke1 Nxb1 38. Nd3 a3 39. Nxb4 axb2 40. Nd3
Nc3 41. Nxb2 Nxa2 42. Nd3 Nc3 43. f3 Kf7 44. Kd2 Nb5 45. g4 f4 46. exf4 Nxd4
47. Ke3 gxf4+ 48. Nxf4 Nc6 49. Ne2 Bf8 50. f4 Bc5+ 51. Kd3 Bd6 52. h4 Ne7 53.
h5 Kf6 54. Ke3 e5 55. fxe5+ Bxe5 56. Nc1 Kg5 57. Nd3 Bd6 58. Kf3 Nc6 0-1

[Event "Israel Championship Finals"]
[Site "?"]
[Date "2002.11.29"]
[Round "5"]
[White "Zaks, Victoria"]
[Black "Rodensky, Natalya"]
[Result "1-0"]
[WhiteElo "1974"]
[BlackElo "1834"]
[PlyCount "67"]

1. e4 c5 2. Nf3 d6 3. d4 cxd4 4. Nxd4 Nf6 5. Nc3 a6 6. Be2 e5 7. Nb3 Be6 8. O-O
Qc7 9. Be3 Nbd7 10. f4 Rc8 11. Rc1 b5 12. a3 Be7 13. Kh1 O-O 14. f5 Bc4 15. g4
Bxe2 16. Qxe2 Qc4 17. Qg2 d5 18. Nd2 Qc7 19. exd5 Bxa3 20. Nxb5 axb5 21. bxa3
Qc3 22. Rfe1 Qxa3 23. g5 Nh5 24. Qg4 Nf4 25. Bxf4 exf4 26. Qxf4 Qa2 27. c4 Nc5
28. Qd4 Rfd8 29. d6 Nb3 30. Nxb3 Qxb3 31. Re3 Rxc4 32. Rce1 h6 33. g6 Kf8 34.
Qe5 1-0

[Event "Israel Championship Finals"]
[Site "?"]
[Date "2002.11.29"]
[Round "5"]
[White "Vovinkina, Natalia"]
[Black "Tsifanskaya, Ludmila"]
[Result "1-0"]
[WhiteElo "2132"]
[BlackElo "2242"]
[PlyCount "63"]

1. d4 Nf6 2. c4 g6 3. Nc3 Bg7 4. e4 d6 5. f3 O-O 6. Be3 b6 7. Qd2 c5 8. d5 e6
9. Rd1 exd5 10. Nxd5 Be6 11. Nc3 Nc6 12. h4 Nd4 13. b3 Ne8 14. Nge2 Nxe2 15.
Bxe2 f5 16. Bg5 Qd7 17. exf5 Bxf5 18. g4 Be6 19. h5 Be5 20. f4 Bd4 21. hxg6
hxg6 22. Nb5 Bg7 23. Bf3 Rc8 24. Bd5 Nf6 25. Bxf6 Rxf6 26. g5 Rff8 27. Qh2 Kf7
28. f5 Bxd5 29. Nxd6+ Qxd6 30. Qxd6 Bxh1 31. Qxg6+ Kg8 32. Rd7 1-0

[Event "Israel Championship Finals"]
[Site "?"]
[Date "2002.11.29"]
[Round "5"]
[White "Botvinnik, Irina"]
[Black "Vasiliev, Olga"]
[Result "1/2-1/2"]
[WhiteElo "2187"]
[BlackElo "2160"]
[PlyCount "53"]

1. e4 c5 2. Nc3 a6 3. Nge2 e6 4. g3 b5 5. a3 Bb7 6. Bg2 Nc6 7. O-O g6 8. d4
cxd4 9. Nxd4 Bg7 10. Be3 Nge7 11. Nb3 d6 12. f4 O-O 13. Qe2 Qc7 14. Rad1 f5 15.
Qf2 e5 16. exf5 gxf5 17. Bb6 Qb8 18. a4 b4 19. Nd5 Nxd5 20. Bxd5+ Kh8 21. a5
exf4 22. gxf4 Bxb2 23. Rfe1 Bf6 24. Qf3 Qc8 25. Kf1 Rb8 26. Re2 Qd7 27. Nd4
1/2-1/2

[Event "Israel Championship Finals"]
[Site "?"]
[Date "2002.11.29"]
[Round "5"]
[White "Porat, Maya"]
[Black "Anchipolovskaya, Dora"]
[Result "1-0"]
[WhiteElo "1649"]
[BlackElo "1671"]
[PlyCount "81"]

1. d4 e6 2. c4 d5 3. Nc3 Nf6 4. Bg5 c6 5. e3 Be7 6. Nf3 Nbd7 7. cxd5 exd5 8.
Bd3 O-O 9. Qc2 Ne4 10. Bxe7 Qxe7 11. Nxe4 dxe4 12. Bxe4 Nf6 13. Bd3 Qb4+ 14.
Qd2 Qe7 15. O-O Bg4 16. Ne5 Bh5 17. Qc2 Rac8 18. Bf5 Rc7 19. Nd3 Bg6 20. Bxg6
hxg6 21. Qc5 Qxc5 22. Nxc5 Re8 23. Rac1 Rce7 24. Rc3 Ne4 25. Nxe4 Rxe4 26. Ra3
a6 27. Rb3 R4e7 28. Rb6 f6 29. Rc1 g5 30. g3 Kf7 31. Rc3 Kg6 32. Rcb3 g4 33.
Rxb7 Rxb7 34. Rxb7 c5 35. dxc5 Rc8 36. b4 a5 37. a3 axb4 38. axb4 Ra8 39. c6
Ra1+ 40. Kg2 Rc1 41. c7 1-0